Bethlen-emlékünnepség Hódmezővásárhelyen
Elmentve itt :
| Szerzők: | |
|---|---|
| Dokumentumtípus: | Cikk |
| Megjelent: |
1980-10-11
|
| Sorozat: | Délmagyarország
70 No. 239 |
| Kulcsszavak: | Bethlen Gábor, Hódmezővásárhely, Rendezvény emlékülés történelmi Hódmezővásárhely |
| Online Access: | http://dmarchiv.bibl.u-szeged.hu/87855 |
| LEADER | 00583nab a2200169 i 4500 | ||
|---|---|---|---|
| 001 | delm87855 | ||
| 005 | 20190531094844.0 | ||
| 008 | 190531s1980 hu o 0|| hun d | ||
| 040 | |a SZTE Délmagyarország Archívum |b hun | ||
| 041 | |a hun | ||
| 100 | 1 | |a Honti Katalin | |
| 245 | 1 | 0 | |a Bethlen-emlékünnepség Hódmezővásárhelyen |h [elektronikus dokumentum] / |c Honti Katalin |
| 260 | |c 1980-10-11 | ||
| 300 | |a 5 | ||
| 490 | 0 | |a Délmagyarország |v 70 No. 239 | |
| 695 | |a Bethlen Gábor, Hódmezővásárhely, Rendezvény emlékülés történelmi Hódmezővásárhely | ||
| 700 | 0 | 1 | |a Bethlen Gábor |e aut |